| 000 -LEADER | |
|---|---|
| fixed length control field | 00691nam a22002297a 4500 |
| 005 - DATE AND TIME OF LATEST TRANSACTION | |
| control field | 20250420134822.0 |
| 008 - FIXED-LENGTH DATA ELEMENTS--GENERAL INFORMATION | |
| fixed length control field | 211111b ||||| |||| 00| 0 eng d |
| 020 ## - INTERNATIONAL STANDARD BOOK NUMBER | |
| International Standard Book Number | 9781292341637 |
| 040 ## - CATALOGING SOURCE | |
| Transcribing agency | KCST |
| 082 ## - DEWEY DECIMAL CLASSIFICATION NUMBER | |
| Classification number | 570 |
| Item number | Ca Bi |
| 100 ## - MAIN ENTRY--PERSONAL NAME | |
| Personal name | Campbell, Neil A. |
| Dates associated with a name | 1946-2004 |
| 9 (RLIN) | 5449 |
| 245 ## - TITLE STATEMENT | |
| Title | Biology : |
| Remainder of title | a global approach / |
| Statement of responsibility, etc. | Neil A Campbell; Lisa A Urry; Michael L Cain; Steven A Wasserman; Peter V Minorsky |
| 300 ## - PHYSICAL DESCRIPTION | |
| Extent | 1345 p. |
| 650 ## - SUBJECT ADDED ENTRY--TOPICAL TERM | |
| Topical term or geographic name entry element | Biology |
| 9 (RLIN) | 5450 |
| 700 ## - ADDED ENTRY--PERSONAL NAME | |
| Personal name | Urry, Lisa A. |
| 9 (RLIN) | 5451 |
| 700 ## - ADDED ENTRY--PERSONAL NAME | |
| Personal name | Cain, Michael L. |
| 9 (RLIN) | 5452 |
| 700 ## - ADDED ENTRY--PERSONAL NAME | |
| Personal name | Wasserman, Steven A. |
| 9 (RLIN) | 5453 |
| 700 ## - ADDED ENTRY--PERSONAL NAME | |
| Personal name | Minorsky, Peter V. |
| 9 (RLIN) | 5454 |
| 700 ## - ADDED ENTRY--PERSONAL NAME | |
| Personal name | Orr , Rebecca B. |
| 9 (RLIN) | 5455 |
| 942 ## - ADDED ENTRY ELEMENTS (KOHA) | |
| Koha item type | Book |
| 942 ## - ADDED ENTRY ELEMENTS (KOHA) | |
| Source of classification or shelving scheme | Dewey Decimal Classification |
| Withdrawn status | Lost status | Source of classification or shelving scheme | Damaged status | Not for loan | Home library | Current library | Date acquired | Cost, normal purchase price | Total checkouts | Full call number | Barcode | Date last seen | Cost, replacement price | Price effective from | Koha item type |
|---|---|---|---|---|---|---|---|---|---|---|---|---|---|---|---|
| Dewey Decimal Classification | KCST Library | KCST Library | 11/11/2021 | 20.23 | 570 Ca Bi | 1000001000 | 11/11/2021 | 20.23 | 11/11/2021 | Book |